书目信息 |
| 题名: |
生物分离技术
|
|
| 作者: | 谭天伟 编著 | |
| 分册: | ||
| 出版信息: | 北京 化学工业出版社 2018重印 |
|
| 页数: | 268页 | |
| 开本: | 26cm | |
| 丛书名: | 普通高等教育“十一五”国家级规划教材 | |
| 单 册: | ||
| 中图分类: | Q503 | |
| 科图分类: | ||
| 主题词: | 生物分解--sheng wu fen jie--高等学校--教材 | |
| 电子资源: | ||
| ISBN: | 978-7-5025-9607-1 | |
| 000 | 01195cam 2200289 45 | |
| 001 | 012001001822 | |
| 005 | 20140109095339.0 | |
| 010 | @a978-7-5025-9607-1@dCNY45.00 | |
| 099 | @aCAL 012007121424 | |
| 100 | @a20071015d2007 ekmy0chiy50 ea | |
| 101 | 0 | @achi |
| 102 | @aCN@b110000 | |
| 105 | @aak a 000yy | |
| 106 | @ar | |
| 200 | 1 | @a生物分离技术@Asheng wu fen li ji shu@f谭天伟编著 |
| 210 | @a北京@c化学工业出版社@d2018重印 | |
| 215 | @a268页@c图@d26cm | |
| 225 | 2 | @a普通高等教育“十一五”国家级规划教材@Apu tong gao deng jiao yu “ shi yi wu ” guo jia ji gui hua jiao cai@i生物工程生物技术系列 |
| 320 | @a有书目(第267-268页) | |
| 330 | @a本书系统而详尽地介绍了生化分离中的一些关键技术,如发酵液预处理和细胞破碎技术、萃取、膜分离、色谱和电泳分离技术。特别是在萃取和色谱技术方面的内容涵盖了双水相萃取、反胶团萃取、亲和技术等新型技术的内容。本套丛书共35本。 | |
| 333 | @a从事相关产品分离工作科研人员 | |
| 410 | 0 | @12001@a普通高等教育“十一五”国家级规划教材@i生物工程生物技术系列 |
| 606 | 0 | @a生物分解@Asheng wu fen jie@x高等学校@j教材 |
| 690 | @aQ503@v4 | |
| 701 | 0 | @a谭天伟@Atan tian wei@4编著 |
| 801 | 0 | @aCN@b北京卓展@c20191020 |
| 905 | @b1202638-41@dQ503@e274@f4 | |
| 生物分离技术/谭天伟编著.-北京:化学工业出版社,2018重印 |
| 268页:图;26cm.-(普通高等教育“十一五”国家级规划教材.生物工程生物技术系列) |
| 使用对象:从事相关产品分离工作科研人员 |
| ISBN 978-7-5025-9607-1:CNY45.00 |
| 本书系统而详尽地介绍了生化分离中的一些关键技术,如发酵液预处理和细胞破碎技术、萃取、膜分离、色谱和电泳分离技术。特别是在萃取和色谱技术方面的内容涵盖了双水相萃取、反胶团萃取、亲和技术等新型技术的内容。本套丛书共35本。 |
| ● |
| 相关链接 |
|
|
|
|
正题名:生物分离技术
索取号:Q503/274
 
预约/预借
| 序号 | 登录号 | 条形码 | 馆藏地/架位号 | 状态 | 备注 |
| 1 | 1202638 | 212026387 | 第二样本阅览室/ [索取号:Q503/274] | 在馆 | |
| 2 | 1202639 | 212026396 | 第三借阅区/ [索取号:Q503/274] | 在馆 | |
| 3 | 1202640 | 212026403 | 第三借阅区/ [索取号:Q503/274] | 在馆 | |
| 4 | 1202641 | 212026412 | 第三借阅区/ [索取号:Q503/274] | 在馆 |